000 00252nam a2200109Ia 4500
008 200302s9999 xx 000 0 und d
100 _aEdie Cohen
245 _aWest Coast Rooms
260 _bRockport Publishers Inc.
260 _c2000
300 _a192 P.,
999 _c1598
_d1598